[Event "Aeroflot Open 2012 A"]
[Site "Moscow"]
[Date "2012.02.07"]
[Round "1"]
[White "Safarli, Eltaj"]
[Black "Fedoseev, Vladimir"]
[Result "1/2-1/2"]
[WhiteElo "2638"]
[BlackElo "2525"]
[PlyCount "117"]
[EventDate "2012.02.07"]
[EventRounds "9"]
[EventCountry "RUS"]

1. e4 e6 2. d4 d5 3. Nd2 c5 4. Ngf3 cxd4 5. Nxd4 Nc6 6. Bb5 Bd7 7. Nxc6 Bxc6 8.
Bxc6+ bxc6 9. c4 Bd6 10. cxd5 cxd5 11. exd5 exd5 12. O-O Ne7 13. Nf3 O-O 14.
Bg5 f6 15. Bd2 Qd7 16. Re1 Rac8 17. Bc3 Bc5 18. Bd4 Bb4 19. Re3 Nf5 20. Rd3
Rfd8 21. Qb3 Nxd4 22. Nxd4 a5 23. Rad1 Rb8 24. a4 Re8 25. Nb5 Rbd8 26. h3 Re1+
27. Rxe1 Bxe1 28. Nd4 Bb4 29. Ne2 Qf5 30. g3 Bc5 31. Nf4 Qe4 32. Qd1 Kf7 33.
Rc3 Bf8 34. Re3 Qf5 35. Ne6 Rd7 36. g4 Qg6 37. Qc1 Be7 38. Qc8 Qb1+ 39. Kg2 d4
40. Nxd4 Rxd4 41. Qe6+ Kg6 42. Qxe7 h6 43. Qb7 Kh7 44. Re7 Qg6 45. Qa8 Rxa4 46.
Re8 Qf7 47. b3 Rb4 48. Rh8+ Kg6 49. Qxa5 Qb7+ 50. Kg1 Rb5 51. Qd8 Qe4 52. Qg8
Qe1+ 53. Kg2 Qe4+ 54. Kg1 Qe1+ 55. Kg2 Qe4+ 56. Kg3 Qe5+ 57. Kf3 f5 58. Qh7+
Kg5 59. Qxf5+ 1/2-1/2

[Event "Aeroflot Open 2012 A"]
[Site "Moscow"]
[Date "2012.02.07"]
[Round "1"]
[White "Yilmaz, Mustafa"]
[Black "Mamedov, Rauf"]
[Result "1/2-1/2"]
[WhiteElo "2521"]
[BlackElo "2636"]
[PlyCount "56"]
[EventDate "2012.02.07"]
[EventRounds "9"]
[EventCountry "RUS"]

1. d4 Nf6 2. c4 g6 3. Nc3 Bg7 4. e4 O-O 5. Nf3 d6 6. h3 Qe8 7. e5 Nfd7 8. Nd5
Qd8 9. Bg5 Nc6 10. Qe2 f6 11. exf6 Nxf6 12. O-O-O Rf7 13. Be3 Rf8 14. Nc3 a5
15. g4 a4 16. d5 Na5 17. Nd4 c5 18. Ndb5 Bd7 19. Na3 Qe8 20. Qd2 Qf7 21. Bg2
Rae8 22. Ne2 b6 23. Nf4 Kh8 24. Rhe1 Ng8 25. Be4 Be5 26. Nd3 Bg7 27. Nf4 Be5
28. Nd3 Bg7 1/2-1/2

[Event "Aeroflot Open 2012 A"]
[Site "Moscow"]
[Date "2012.02.07"]
[Round "1"]
[White "Socko, Bartosz"]
[Black "Bukavshin, Ivan"]
[Result "1-0"]
[WhiteElo "2636"]
[BlackElo "2517"]
[PlyCount "99"]
[EventDate "2012.02.07"]
[EventRounds "9"]
[EventCountry "RUS"]

1. c4 c6 2. Nf3 Nf6 3. d4 d5 4. e3 Bf5 5. Nc3 e6 6. Nh4 Be4 7. f3 Bg6 8. Bd2
Be7 9. Qb3 Qc7 10. cxd5 cxd5 11. Nxg6 hxg6 12. O-O-O Nc6 13. Kb1 O-O 14. g4
Rfc8 15. Rc1 Na5 16. Qa4 Nc4 17. Bxc4 Qxc4 18. Qxc4 Rxc4 19. Ne2 Rac8 20. Rxc4
Rxc4 21. Nf4 Bd6 22. Nd3 Nd7 23. b3 Rc8 24. Bb4 Bxb4 25. Nxb4 Kf8 26. g5 Ke7
27. Rc1 Rxc1+ 28. Kxc1 Kd6 29. f4 f5 30. Nd3 Kc6 31. Kd2 Kd6 32. Kc3 Kc6 33.
Kd2 Kd6 34. Kc2 Kc7 35. Kc3 Kc6 36. a3 Kd6 37. Kb4 Kc6 38. Ka5 Kd6 39. Kb5 Kc7
40. a4 Kc8 41. Nc5 Nxc5 42. dxc5 Kc7 43. a5 a6+ 44. Kb4 Kc6 45. h3 Kd7 46. Kc3
Kc6 47. Kd4 Kb5 48. h4 Kxa5 49. c6 bxc6 50. Kc5 1-0

[Event "Aeroflot Open 2012 A"]
[Site "Moscow"]
[Date "2012.02.07"]
[Round "1"]
[White "Harika, Dronavalli"]
[Black "Guseinov, Gadir"]
[Result "1/2-1/2"]
[WhiteElo "2516"]
[BlackElo "2634"]
[PlyCount "60"]
[EventDate "2012.02.07"]
[EventRounds "9"]
[EventCountry "RUS"]

1. g3 g6 2. c4 Bg7 3. Bg2 d6 4. Nc3 e5 5. d3 f5 6. e4 Nf6 7. Nge2 O-O 8. O-O c6
9. exf5 Bxf5 10. d4 Nbd7 11. h3 Kh8 12. Be3 Qe7 13. Qd2 Rad8 14. Rae1 h5 15. f3
Be6 16. d5 Bg8 17. Bg5 Nb6 18. Qd3 Qc7 19. f4 cxd5 20. cxd5 Qc4 21. Qxc4 Nxc4
22. b3 Nb6 23. Rd1 Rd7 24. fxe5 dxe5 25. d6 Ne8 26. Ne4 Rxf1+ 27. Rxf1 Nxd6 28.
Nxd6 Rxd6 29. Bxb7 a5 30. Be4 a4 1/2-1/2

[Event "Aeroflot Open 2012 A"]
[Site "Moscow"]
[Date "2012.02.07"]
[Round "1"]
[White "Vidit, Santosh Gujrathi"]
[Black "Khalifman, Alexander"]
[Result "1/2-1/2"]
[WhiteElo "2513"]
[BlackElo "2632"]
[PlyCount "53"]
[EventDate "2012.02.07"]
[EventRounds "9"]
[EventCountry "RUS"]

1. d4 d5 2. c4 c6 3. Nf3 Nf6 4. e3 e6 5. b3 Bb4+ 6. Nbd2 c5 7. dxc5 O-O 8. Bb2
Bxc5 9. Bd3 dxc4 10. Nxc4 Bb4+ 11. Ke2 Nbd7 12. Qc2 b5 13. Nce5 Nxe5 14. Bxe5
Bb7 15. Rad1 Rc8 16. Qb1 Qe7 17. Bxf6 Qxf6 18. Bxh7+ Kh8 19. Bd3 Rc5 20. Rc1
Rfc8 21. Rxc5 Rxc5 22. Rc1 Bxf3+ 23. gxf3 Qe5 24. Rxc5 Qxc5 25. Qc2 Qxc2+ 26.
Bxc2 Bc3 27. Bd3 1/2-1/2

[Event "Aeroflot Open 2012 A"]
[Site "Moscow"]
[Date "2012.02.07"]
[Round "1"]
[White "Yu, Yangyi"]
[Black "Venkatesh, M.R."]
[Result "1-0"]
[WhiteElo "2631"]
[BlackElo "2499"]
[PlyCount "173"]
[EventDate "2012.02.07"]
[EventRounds "9"]
[EventCountry "RUS"]

1. e4 e5 2. Nf3 Nc6 3. Bb5 f5 4. d4 fxe4 5. Bxc6 dxc6 6. Nxe5 Nf6 7. Nc3 Be7 8.
Be3 Be6 9. O-O O-O 10. a3 Qe8 11. Qe2 Bd6 12. Bf4 Qh5 13. Qxh5 Nxh5 14. Bg3
Nxg3 15. hxg3 Bxe5 16. dxe5 Rf5 17. Rfe1 Rxe5 18. f4 Rc5 19. Rad1 Bf5 20. Rd4
a5 21. Kf2 b5 22. Ke3 Rb8 23. Re2 Kf8 24. Kd2 b4 25. Nxe4 bxa3 26. bxa3 Rcb5
27. Rc4 Rd8+ 28. Kc1 Bg4 29. Re1 Re8 30. Rh1 Be2 31. Rd4 h6 32. Kd2 Bg4 33. Nc3
Rc5 34. Rh4 h5 35. Rh1 g6 36. Rb1 Bf5 37. Rb7 Re7 38. Rb2 Re6 39. Rb8+ Kf7 40.
Rd7+ Re7 41. Rd4 Re6 42. Rc8 Re7 43. Rh8 Kg7 44. Ra8 Kf7 45. Rb8 Re6 46. Rbd8
Re7 47. Rh8 Kg7 48. Rb8 Kf7 49. a4 Re6 50. Rbd8 Re7 51. Rh8 Kg7 52. Rb8 Kf7 53.
Rb2 Re6 54. Nd1 Be4 55. Rd7+ Re7 56. Rxe7+ Kxe7 57. Ne3 g5 58. c4 gxf4 59. gxf4
h4 60. Kc3 Rh5 61. Kd4 Bg6 62. c5 h3 63. gxh3 Rxh3 64. Rb7 Kd8 65. Rb8+ Ke7 66.
Rc8 Kd7 67. Rg8 Bf7 68. Ra8 Rf3 69. Ke4 Rf2 70. Ng4 Re2+ 71. Kd4 Rb2 72. Ne5+
Ke6 73. Nxc6 Ra2 74. Nd8+ Ke7 75. Nxf7 Rxa4+ 76. Ke5 Kxf7 77. Ra7 Rc4 78. Rxa5
Ke7 79. f5 Rc1 80. f6+ Kf7 81. Kd5 Kxf6 82. Kc6 Ke6 83. Kxc7 Rc2 84. c6 Rc1 85.
Ra2 Kd5 86. Kd7 Rh1 87. Ra5+ 1-0

[Event "Aeroflot Open 2012 A"]
[Site "Moscow"]
[Date "2012.02.07"]
[Round "1"]
[White "Dubov, Daniil"]
[Black "Sandipan, Chanda"]
[Result "1/2-1/2"]
[WhiteElo "2498"]
[BlackElo "2628"]
[PlyCount "136"]
[EventDate "2012.02.07"]
[EventRounds "9"]
[EventCountry "RUS"]

1. d4 Nf6 2. c4 e6 3. Nf3 Bb4+ 4. Bd2 c5 5. Bxb4 cxb4 6. g3 O-O 7. Bg2 d6 8.
O-O Nc6 9. a3 bxa3 10. Rxa3 e5 11. Nc3 Bg4 12. d5 Bxf3 13. Bxf3 Nb4 14. Qd2 a5
15. Nb5 b6 16. Bg2 Rc8 17. Rc1 Rc5 18. Bh3 Nbxd5 19. Bg2 e4 20. Rb3 Qd7 21.
cxd5 Rxb5 22. Rxb5 Qxb5 23. e3 h6 24. Qd4 Qxd5 25. Qxd5 Nxd5 26. Rc6 Nf6 27.
Rxd6 Rb8 28. Bf1 Kf8 29. Rc6 Ne8 30. Bg2 Nf6 31. Kf1 b5 32. Ke1 b4 33. b3 Ke7
34. Bf1 a4 35. bxa4 b3 36. Rc1 Rb4 37. Bb5 Nd5 38. Kd2 Kd6 39. h4 f5 40. Rc6+
Ke5 41. Rc1 g5 42. hxg5 hxg5 43. Rb1 f4 44. gxf4+ gxf4 45. Bc6 Ne7 46. Bb5 Nd5
47. Bc6 f3 48. Bxd5 Kxd5 49. Kc3 Rxa4 50. Rxb3 Kc5 51. Rb8 Ra2 52. Rb4 Ra3+ 53.
Rb3 Ra1 54. Rb2 Kd6 55. Rb5 Rd1 56. Ra5 Ke6 57. Rb5 Rd3+ 58. Kc4 Kf6 59. Ra5
Kg6 60. Rd5 Ra3 61. Kd4 Ra4+ 62. Ke5 Kg5 63. Rd4 Ra2 64. Rxe4 Rxf2 65. Rf4 Rf1
66. Ke4 Kg6 67. Rxf3 Rxf3 68. Kxf3 Kf5 1/2-1/2

[Event "Aeroflot Open 2012 A"]
[Site "Moscow"]
[Date "2012.02.07"]
[Round "1"]
[White "Sjugirov, Sanan"]
[Black "Gundavaa, Bayarsaikhan"]
[Result "1/2-1/2"]
[WhiteElo "2622"]
[BlackElo "2493"]
[PlyCount "43"]
[EventDate "2012.02.07"]
[EventRounds "9"]
[EventCountry "RUS"]

1. e4 c5 2. Nf3 d6 3. d4 cxd4 4. Nxd4 Nf6 5. Nc3 a6 6. Bg5 e6 7. f4 Qc7 8. Bxf6
gxf6 9. f5 Nc6 10. fxe6 fxe6 11. Bc4 Nxd4 12. Qxd4 Rg8 13. O-O-O Bh6+ 14. Kb1
Bf4 15. Qxf6 Be5 16. Qf1 Bd7 17. Bb3 O-O-O 18. g3 Rgf8 19. Qe1 Rf6 20. Ne2 a5
21. a4 Qb6 22. Nc3 1/2-1/2

[Event "Aeroflot Open 2012 A"]
[Site "Moscow"]
[Date "2012.02.07"]
[Round "1"]
[White "Cori, Jorge"]
[Black "Melkumyan, Hrant"]
[Result "1-0"]
[WhiteElo "2489"]
[BlackElo "2620"]
[PlyCount "83"]
[EventDate "2012.02.07"]
[EventRounds "9"]
[EventCountry "RUS"]

1. d4 Nf6 2. Nf3 e6 3. e3 c5 4. Bd3 Nc6 5. a3 b6 6. O-O Bb7 7. b3 d5 8. Bb2
cxd4 9. exd4 Bd6 10. Nbd2 O-O 11. Ne5 Ne7 12. Qe2 Rc8 13. f4 Qc7 14. Rf2 Ng6
15. g3 Qe7 16. h4 Rfe8 17. h5 Nf8 18. g4 N6d7 19. g5 Bxe5 20. fxe5 Qxg5+ 21.
Rg2 Qe7 22. Nf3 f6 23. Bc1 fxe5 24. Bg5 Qd6 25. Nxe5 Nxe5 26. dxe5 Qc5+ 27. Kh2
d4 28. Rg3 Rc7 29. Rag1 Rf7 30. Bf6 Ree7 31. Qg4 Qc7 32. Bxe7 Qxe7 33. Qxd4 Nd7
34. h6 Nxe5 35. Kh3 Ng6 36. Bxg6 hxg6 37. Rxg6 Rf3+ 38. R1g3 Rxg3+ 39. Rxg3 g5
40. Qe5 Kh7 41. Rxg5 Kxh6 42. Qh8+ 1-0

[Event "Aeroflot Open 2012 A"]
[Site "Moscow"]
[Date "2012.02.07"]
[Round "1"]
[White "Zhou, Jianchao"]
[Black "Grigoryan, Karen H"]
[Result "1-0"]
[WhiteElo "2619"]
[BlackElo "2482"]
[PlyCount "119"]
[EventDate "2012.02.07"]
[EventRounds "9"]
[EventCountry "RUS"]

1. c4 e5 2. d3 f5 3. Nf3 d6 4. g3 Nf6 5. Bg2 g6 6. O-O Bg7 7. Nc3 O-O 8. Rb1 h6
9. b4 Nc6 10. b5 Ne7 11. a4 g5 12. Ba3 Ng6 13. c5 Be6 14. Nd2 Rb8 15. a5 Rf7
16. cxd6 cxd6 17. b6 a6 18. e4 f4 19. Nd5 g4 20. Nc7 Qd7 21. Re1 Rd8 22. Nc4
Bf8 23. Rc1 h5 24. d4 Bxc4 25. Rxc4 f3 26. Bf1 h4 27. Rc2 hxg3 28. fxg3 Qa4 29.
Bb2 Qxa5 30. Bc4 Qxb6 31. Bxf7+ Kxf7 32. Qd3 Rc8 33. Nd5 Nxd5 34. exd5 Rxc2 35.
Qxc2 Qa5 36. Bc3 Qxd5 37. Qf5+ Kg7 38. Qxg4 Kh7 39. Re3 f2+ 40. Kxf2 Qc4 41.
Qd7+ Kg8 42. Qf5 Qf7 43. Qxf7+ Kxf7 44. dxe5 dxe5 45. Kf3 b5 46. Re4 Ne7 47.
Rxe5 Nc8 48. Rf5+ Ke8 49. h4 b4 50. Rxf8+ Kxf8 51. Bxb4+ Kf7 52. Bc5 a5 53. Ke4
a4 54. Kd5 a3 55. Bxa3 Nb6+ 56. Ke4 Nd7 57. Kf5 Nf6 58. g4 Ne8 59. g5 Ng7+ 60.
Kg4 1-0

[Event "Aeroflot Open 2012 A"]
[Site "Moscow"]
[Date "2012.02.07"]
[Round "1"]
[White "Shyam, Sundar M"]
[Black "Salgado Lopez, Ivan"]
[Result "0-1"]
[WhiteElo "2462"]
[BlackElo "2618"]
[PlyCount "96"]
[EventDate "2012.02.07"]
[EventRounds "9"]
[EventCountry "RUS"]

1. e4 c5 2. Nf3 e6 3. d4 cxd4 4. Nxd4 Nc6 5. Nc3 Qc7 6. Be3 a6 7. Qd2 Nf6 8.
O-O-O Be7 9. f3 O-O 10. g4 b5 11. g5 Nh5 12. Nce2 Rd8 13. Ng3 Nxd4 14. Qxd4 Nf4
15. h4 Bb7 16. Qb6 Qb8 17. Kb1 d5 18. Bxf4 Qxf4 19. Qxb7 Bc5 20. exd5 Qxg3 21.
d6 Bxd6 22. Bd3 Bf8 23. g6 hxg6 24. h5 gxh5 25. Rdg1 Qe5 26. f4 Qd4 27. Rg3 g6
28. c3 Qf6 29. Rxh5 Bg7 30. Rhg5 Rab8 31. Qf3 b4 32. Bxg6 fxg6 33. Rxg6 Qf5+
34. Kc1 Rd7 35. R3g5 Qf8 36. f5 exf5 37. Qc6 Re7 38. Qc4+ Kh7 39. Kc2 bxc3 40.
Qh4+ Kg8 41. Qc4+ Kh7 42. Qh4+ Bh6 43. Rxh6+ Qxh6 44. Rh5 Re2+ 45. Kd3 Re3+ 46.
Kc2 Rxb2+ 47. Kd1 c2+ 48. Kd2 Re2+ 0-1

[Event "Aeroflot Open 2012 A"]
[Site "Moscow"]
[Date "2012.02.08"]
[Round "2"]
[White "Sokolov, Ivan"]
[Black "Eljanov, Pavel"]
[Result "1/2-1/2"]
[WhiteElo "2641"]
[BlackElo "2690"]
[PlyCount "65"]
[EventDate "2012.02.07"]
[EventRounds "9"]
[EventCountry "RUS"]

1. d4 d5 2. c4 c6 3. Nc3 Nf6 4. Nf3 dxc4 5. a4 e6 6. e3 c5 7. Bxc4 cxd4 8. exd4
Be7 9. O-O Nc6 10. Re1 O-O 11. Bg5 Bd7 12. Qe2 Nb4 13. Ne5 Be8 14. Rad1 Nfd5
15. Nxd5 exd5 16. Bxe7 Qxe7 17. Bb3 a5 18. Qf3 Qd6 19. Rc1 Rd8 20. Rc5 b6 21.
Rc3 f6 22. Ng4 Bg6 23. Qg3 Rfe8 24. Rxe8+ Rxe8 25. Ne3 Qxg3 26. hxg3 Kf8 27. f3
Bf7 28. Kf2 Rd8 29. Ke2 Ke8 30. Bc2 Nxc2 31. Nxc2 Kd7 32. Na3 Rc8 33. Rxc8
1/2-1/2

[Event "Aeroflot Open 2012 A"]
[Site "Moscow"]
[Date "2012.02.08"]
[Round "2"]
[White "Socko, Bartosz"]
[Black "Andreikin, Dmitry"]
[Result "1/2-1/2"]
[WhiteElo "2636"]
[BlackElo "2688"]
[PlyCount "171"]
[EventDate "2012.02.07"]
[EventRounds "9"]
[EventCountry "RUS"]

1. d4 Nf6 2. c4 c5 3. d5 b5 4. cxb5 a6 5. bxa6 g6 6. Nc3 Bxa6 7. Nf3 Bg7 8. Nd2
Qa5 9. g3 d6 10. Bg2 O-O 11. O-O Nbd7 12. Qc2 Rfc8 13. Rd1 Rab8 14. Rb1 Ne5 15.
h3 Nfd7 16. Nb3 Qb6 17. Bg5 h6 18. Bd2 Nc4 19. Be1 Qa7 20. Nc1 Nde5 21. Kh2 Rc7
22. Nb3 Rcb7 23. Rdc1 Bb5 24. Bh1 Bd7 25. Bg2 h5 26. Qd1 Ba4 27. Nxa4 Qxa4 28.
Bc3 Qxa2 29. Na5 Nxa5 30. Ra1 Qb3 31. Rxa5 Qxd1 32. Rxd1 Nc4 33. Ra4 Nxb2 34.
Bxb2 Rxb2 35. Bf3 Rc2 36. Kg2 Bf6 37. Kf1 Rb4 38. Rxb4 cxb4 39. Rb1 Bc3 40. Be4
Rd2 41. Bd3 Kf8 42. f4 Ke8 43. Kf2 Kd8 44. Kf3 Kc7 45. Bb5 Kd8 46. Bc4 Ke8 47.
g4 Kf8 48. gxh5 gxh5 49. Bb3 Ke8 50. Rg1 Rb2 51. Bc4 Kd7 52. Bb5+ Kd8 53. Ra1
Rd2 54. Ra8+ Kc7 55. Bc4 Bf6 56. Ra4 Rb2 57. Ke3 h4 58. Bd3 Rb3 59. Ra7+ Kb6
60. Ra6+ Kb7 61. Ra5 Bc3 62. Rb5+ Kc7 63. Ra5 Bf6 64. Ra7+ Kb6 65. Ra6+ Kb7 66.
Ra5 Bb2 67. Rb5+ Kc7 68. Ra5 Kb7 69. Rb5+ Kc8 70. Ke4 Bf6 71. Kf5 Kc7 72. Ke4
Kc8 73. Rb6 Kc7 74. Rb5 Rb2 75. Ke3 Bc3 76. Ra5 Kb7 77. Rb5+ Kc8 78. Ra5 b3 79.
Rb5 Bf6 80. Rb4 Kc7 81. Ba6 Ra2 82. Rb7+ Kd8 83. Rb8+ Kc7 84. Rb7+ Kc8 85. Rb6+
Kc7 86. Ke4 1/2-1/2

[Event "Aeroflot Open 2012 A"]
[Site "Moscow"]
[Date "2012.02.08"]
[Round "2"]
[White "Rodshtein, Maxim"]
[Black "Akopian, Vladimir"]
[Result "1-0"]
[WhiteElo "2634"]
[BlackElo "2685"]
[PlyCount "155"]
[EventDate "2012.02.07"]
[EventRounds "9"]
[EventCountry "RUS"]

1. d4 Nf6 2. c4 e6 3. Nf3 Bb4+ 4. Bd2 a5 5. g3 d6 6. Bg2 Nc6 7. O-O e5 8. Be3
exd4 9. Nxd4 Ne5 10. b3 Bc5 11. Nc3 O-O 12. Nc2 Bxe3 13. Nxe3 Rb8 14. Qd2 b6
15. Rac1 Re8 16. h3 Ned7 17. a3 Nc5 18. Qc2 h5 19. Ned5 Bd7 20. b4 Ne6 21. Qd2
axb4 22. axb4 Nxd5 23. cxd5 Ng5 24. f4 Nh7 25. e4 h4 26. g4 g5 27. Rf2 gxf4 28.
Ne2 f3 29. Rxf3 Ng5 30. Rf4 Ra8 31. Qc3 Ra7 32. Nd4 Re5 33. Rcf1 Qe7 34. Qc1
Qf8 35. Nf3 Nxf3+ 36. R1xf3 Be8 37. Qe1 Qe7 38. Rf6 Rxe4 39. Qxh4 Ra1+ 40. Bf1
Ree1 41. Qg5+ Kf8 42. Qh6+ Kg8 43. R6f5 Re5 44. Re3 f6 45. Rexe5 dxe5 46. Rxf6
Qg7 47. Kf2 Bf7 48. d6 cxd6 49. Qxg7+ Kxg7 50. Rxd6 e4 51. Be2 Rh1 52. Bf1 Rh2+
53. Ke3 Rh1 54. Bg2 Re1+ 55. Kf2 Rb1 56. Bxe4 Rxb4 57. Bf5 b5 58. h4 Ra4 59.
Rb6 b4 60. h5 Ra8 61. h6+ Kh8 62. Rxb4 Rg8 63. Rb6 Ra8 64. Kg3 Bg8 65. Rb7 Rf8
66. Kh4 Bd5 67. Rh7+ Kg8 68. Rc7 Bf3 69. Be6+ Kh8 70. g5 Be4 71. Kg4 Bd5 72.
Bf5 Bf7 73. Rc8 Rxc8 74. Bxc8 Bc4 75. Kf5 Bf7 76. Kf6 Be8 77. Bg4 Kh7 78. Be6
1-0

[Event "Aeroflot Open 2012 A"]
[Site "Moscow"]
[Date "2012.02.08"]
[Round "2"]
[White "Yu, Yangyi"]
[Black "Alekseev, Evgeny"]
[Result "0-1"]
[WhiteElo "2631"]
[BlackElo "2670"]
[PlyCount "114"]
[EventDate "2012.02.07"]
[EventRounds "9"]
[EventCountry "RUS"]

1. e4 c6 2. d4 d5 3. e5 c5 4. dxc5 e6 5. Qg4 h5 6. Qg3 Nc6 7. Nf3 Nh6 8. Bd3
Nb4 9. Bxh6 Rxh6 10. O-O Qa5 11. a3 Nxd3 12. cxd3 Qxc5 13. Nbd2 Qc2 14. Rac1
Qxd3 15. Rc7 Bd7 16. Rfc1 Rg6 17. Qh4 Qf5 18. Rxb7 Rg4 19. Qh3 a5 20. g3 Rc4
21. Qf1 Rxc1 22. Qxc1 Rc8 23. Rc7 Rxc7 24. Qxc7 Be7 25. Qxa5 Qc2 26. Nd4 Qxb2
27. Qa8+ Bd8 28. N2b3 Qb1+ 29. Kg2 Qe4+ 30. Nf3 Qa4 31. Qb7 Qb5 32. Qxb5 Bxb5
33. Nfd4 Bd7 34. f4 Be7 35. Nc2 Ba4 36. Nbd4 Bc5 37. h3 Kd7 38. g4 hxg4 39.
hxg4 g5 40. Kg3 gxf4+ 41. Kxf4 Ke7 42. g5 Bb6 43. Kg4 Bc7 44. Kf4 Kf8 45. g6
Bxc2 46. Nxc2 f6 47. Nb4 fxe5+ 48. Ke3 Bd6 49. Nc6 Bxa3 50. Nd8 Kg7 51. Nxe6+
Kxg6 52. Nc7 Bc5+ 53. Kf3 e4+ 54. Kg4 d4 55. Kf4 d3 56. Nd5 Bd4 57. Kxe4 d2 0-1

[Event "Aeroflot Open 2012 A"]
[Site "Moscow"]
[Date "2012.02.08"]
[Round "2"]
[White "Khismatullin, Denis"]
[Black "Zhou, Jianchao"]
[Result "1-0"]
[WhiteElo "2664"]
[BlackElo "2619"]
[PlyCount "65"]
[EventDate "2012.02.07"]
[EventRounds "9"]
[EventCountry "RUS"]

1. d4 Nf6 2. c4 g6 3. f3 Bg7 4. e4 d6 5. Ne2 O-O 6. Be3 c6 7. Na3 e5 8. d5 a6
9. Nc3 c5 10. Qd2 Nh5 11. O-O-O Nd7 12. Bd3 Nb6 13. g3 Bd7 14. Bh6 Bxh6 15.
Qxh6 Na4 16. Ne2 b5 17. g4 Ng7 18. b3 Nb6 19. h4 Qe7 20. Rdg1 bxc4 21. bxc4 Na4
22. Ng3 f6 23. g5 Qf7 24. Nf5 Ne8 25. gxf6 Qxf6 26. h5 Bxf5 27. hxg6 Ra7 28.
exf5 Kh8 29. Be4 Rg7 30. Nc2 Qd8 31. Qxh7+ Rxh7 32. Rxh7+ Kg8 33. g7 1-0

[Event "Aeroflot Open 2012 A"]
[Site "Moscow"]
[Date "2012.02.08"]
[Round "2"]
[White "Salgado Lopez, Ivan"]
[Black "Korobov, Anton"]
[Result "1/2-1/2"]
[WhiteElo "2618"]
[BlackElo "2660"]
[PlyCount "99"]
[EventDate "2012.02.07"]
[EventRounds "9"]
[EventCountry "RUS"]

1. e4 c5 2. Ne2 d6 3. g3 Nf6 4. Bg2 g6 5. O-O Bg7 6. c3 O-O 7. d4 e5 8. h3 Qe7
9. Re1 Nbd7 10. dxe5 Nxe5 11. Nf4 Bd7 12. Na3 Rae8 13. Be3 h5 14. Qe2 h4 15.
gxh4 Bc6 16. Nd5 Bxd5 17. exd5 Nh5 18. Nc4 f5 19. Bg5 Bf6 20. Nxe5 dxe5 21. Bh6
Bg7 22. Bg5 Bf6 23. Bh6 e4 24. d6 Qxd6 25. Rad1 Qc7 26. Bxf8 Kxf8 27. Qd2 Bxh4
28. Qh6+ Qg7 29. Qxg7+ Kxg7 30. Rd7+ Kh6 31. a4 a5 32. Rd5 Nf4 33. Rd6 c4 34.
Rd4 Nd3 35. Re2 Rc8 36. Kf1 Bg5 37. f3 e3 38. f4 Bxf4 39. Bxb7 Rb8 40. Ba6 g5
41. Bxc4 Nc5 42. Bd3 Kg6 43. Bc2 Kf6 44. b4 Ne6 45. Rd5 axb4 46. Rxf5+ Ke7 47.
cxb4 Nd4 48. Bd3 Rxb4 49. Rxe3+ Bxe3 50. Re5+ 1/2-1/2

[Event "Aeroflot Open 2012 A"]
[Site "Moscow"]
[Date "2012.02.08"]
[Round "2"]
[White "Bartel, Mateusz"]
[Black "Gajewski, Grzegorz"]
[Result "1/2-1/2"]
[WhiteElo "2658"]
[BlackElo "2616"]
[PlyCount "35"]
[EventDate "2012.02.07"]
[EventRounds "9"]
[EventCountry "RUS"]

1. d4 Nf6 2. c4 e6 3. Nf3 d5 4. Nc3 Bb4 5. Qa4+ Nc6 6. e3 O-O 7. Bd2 a5 8. Qc2
Ne7 9. a3 Bxc3 10. Bxc3 b6 11. Ne5 Bb7 12. cxd5 Nexd5 13. Bd2 c5 14. dxc5 Rc8
15. b4 axb4 16. axb4 bxc5 17. bxc5 Qc7 18. Nf3 1/2-1/2

[Event "Aeroflot Open 2012 A"]
[Site "Moscow"]
[Date "2012.02.08"]
[Round "2"]
[White "Ulibin, Mikhail"]
[Black "Zhigalko, Sergei"]
[Result "0-1"]
[WhiteElo "2587"]
[BlackElo "2658"]
[PlyCount "120"]
[EventDate "2012.02.07"]
[EventRounds "9"]
[EventCountry "RUS"]

1. d4 Nf6 2. c4 e6 3. g3 c5 4. d5 exd5 5. cxd5 d6 6. Nc3 g6 7. Nf3 Bg7 8. Bg2
O-O 9. O-O Re8 10. Bf4 a6 11. a4 Nh5 12. Bg5 Qc7 13. Rc1 Nd7 14. b4 b6 15. Qd2
Bb7 16. Bh6 Bh8 17. g4 Nhf6 18. h3 Rac8 19. bxc5 bxc5 20. Ng5 c4 21. Qf4 Re7
22. Rfd1 Ne8 23. Nge4 Be5 24. Qd2 Nc5 25. Nxc5 Qxc5 26. Bg5 Nf6 27. e3 Qa7 28.
f4 Bxc3 29. Rxc3 Ne4 30. Bxe4 Rxe4 31. Bf6 Qc5 32. Qf2 Rce8 33. Kh2 Rxe3 34.
Bd4 Qxd5 35. Rxe3 Rxe3 36. Bxe3 Qxd1 37. Bd2 Qc2 38. Qd4 c3 39. Qxc3 Qe4 40.
Kg3 Qg2+ 41. Kh4 Qf2+ 42. Kg5 h6+ 43. Kf6 Qh4+ 44. g5 hxg5 45. Be1 Qxf4+ 46.
Ke7 Qxa4 47. Kxd6 Qe8 48. Kc7 Bg2 49. Bd2 Qe7+ 50. Kc8 Qe6+ 51. Kc7 Bxh3 52.
Qd4 Qc8+ 53. Kb6 Qb8+ 54. Kc6 Bg2+ 55. Kd7 Qb7+ 56. Kd8 Qd5+ 57. Qxd5 Bxd5 58.
Bxg5 a5 59. Ke7 Kg7 60. Kd6 Bb3 0-1

[Event "Aeroflot Open 2012 A"]
[Site "Moscow"]
[Date "2012.02.08"]
[Round "2"]
[White "Adhiban, B."]
[Black "Gupta, Abhijeet"]
[Result "0-1"]
[WhiteElo "2561"]
[BlackElo "2652"]
[PlyCount "112"]
[EventDate "2012.02.07"]
[EventRounds "9"]
[EventCountry "RUS"]

1. c4 Nf6 2. Nc3 d5 3. cxd5 Nxd5 4. g3 g6 5. Bg2 Nxc3 6. bxc3 Bg7 7. a4 O-O 8.
a5 Na6 9. h4 h6 10. Nf3 e5 11. O-O Re8 12. d3 e4 13. Nd4 c5 14. Nb5 Bg4 15. Be3
exd3 16. Qxd3 Qxd3 17. exd3 Re7 18. d4 cxd4 19. cxd4 Rd8 20. Rab1 Bf5 21. Rb2
b6 22. Ra1 Nc5 23. axb6 axb6 24. Rba2 Nb3 25. Ra8 Ree8 26. R1a7 Bf8 27. Rxd8
Rxd8 28. d5 Nc5 29. Bd4 Bg7 30. Bxg7 Kxg7 31. Nd4 Kf6 32. h5 Rd7 33. Ra8 Be4
34. hxg6 fxg6 35. Bxe4 Nxe4 36. Rb8 Rd6 37. Nb5 Rxd5 38. Rxb6+ Kf5 39. Rb8 Kg4
40. Na3 Kh3 41. Rb1 Nd2 42. Rb4 Nf3+ 43. Kf1 Nh2+ 44. Ke2 Re5+ 45. Kd2 Kg2 46.
Nc4 Re6 47. f4 Kxg3 48. Ne3 Nf3+ 49. Ke2 h5 50. Ra4 h4 51. Kd3 h3 52. f5 Rxe3+
53. Kxe3 h2 54. Ra1 gxf5 55. Rf1 f4+ 56. Ke2 Ng1+ 0-1

[Event "Aeroflot Open 2012 A"]
[Site "Moscow"]
[Date "2012.02.08"]
[Round "2"]
[White "Zvjaginsev, Vadim"]
[Black "Zherebukh, Yaroslav"]
[Result "1-0"]
[WhiteElo "2688"]
[BlackElo "2594"]
[PlyCount "67"]
[EventDate "2012.02.07"]
[EventRounds "9"]
[EventCountry "RUS"]

1. e4 e5 2. Nf3 Nc6 3. Bb5 Nf6 4. d3 Bc5 5. Bxc6 dxc6 6. O-O Nd7 7. Be3 Bd6 8.
Nc3 Nf8 9. d4 Ng6 10. dxe5 Nxe5 11. Nxe5 Bxe5 12. Qxd8+ Kxd8 13. Rad1+ Ke7 14.
Na4 b5 15. f4 bxa4 16. fxe5 Ba6 17. Rf2 Rhb8 18. Rfd2 Ke8 19. e6 fxe6 20. Bd4
Rd8 21. Bxg7 Be2 22. Rxd8+ Rxd8 23. Rxd8+ Kxd8 24. Kf2 Bd1 25. c4 Bc2 26. Ke3
a3 27. bxa3 a5 28. a4 Bb1 29. a3 Ba2 30. c5 Bb3 31. Bc3 Kd7 32. Kf4 h5 33. Bxa5
Bxa4 34. h3 1-0

[Event "Aeroflot Open 2012 A"]
[Site "Moscow"]
[Date "2012.02.08"]
[Round "2"]
[White "Kobalia, Mikhail"]
[Black "Morovic Fernandez, Ivan"]
[Result "1-0"]
[WhiteElo "2673"]
[BlackElo "2582"]
[PlyCount "80"]
[EventDate "2012.02.07"]
[EventRounds "9"]
[EventCountry "RUS"]

1. e4 c5 2. Nf3 d6 3. d4 cxd4 4. Nxd4 Nf6 5. Nc3 Nc6 6. Bg5 e6 7. Qd2 Be7 8.
O-O-O Nxd4 9. Qxd4 O-O 10. f4 h6 11. Bh4 Qa5 12. Bc4 Rd8 13. e5 dxe5 14. Qxe5
Qb4 15. Qe2 Bd7 16. a3 Qc5 17. Bxf6 Bxf6 18. Ne4 Qe7 19. g3 Bc6 20. Nxf6+ Qxf6
21. Rhe1 Rxd1+ 22. Rxd1 Rd8 23. Rxd8+ Qxd8 24. Qe3 a5 25. h4 h5 26. Qc5 g6 27.
Bd3 a4 28. Be2 Qd7 29. b4 axb3 30. cxb3 Be4 31. a4 Bd5 32. Kb2 Qd8 33. a5 Qf6+
34. Qc3 Qf5 35. Qe3 Qf6+ 36. Qe5 Qd8 37. Qc3 Qd7 38. Qc5 e5 39. fxe5 Qe6 40.
Qd6 Bxb3 1-0

[Event "Aeroflot Open 2012 A"]
[Site "Moscow"]
[Date "2012.02.08"]
[Round "2"]
[White "Bu, Xiangzhi"]
[Black "Zhigalko, Andrey"]
[Result "1-0"]
[WhiteElo "2670"]
[BlackElo "2576"]
[PlyCount "103"]
[EventDate "2012.02.07"]
[EventRounds "9"]
[EventCountry "RUS"]

1. Nf3 c5 2. c4 Nf6 3. Nc3 e6 4. g3 b6 5. Bg2 Bb7 6. O-O Be7 7. d4 cxd4 8. Qxd4
O-O 9. Rd1 d6 10. b3 Nbd7 11. Bb2 a6 12. e4 Qb8 13. h3 Rd8 14. Nh2 Bc6 15. Qe3
Rc8 16. Nf3 Bf8 17. Nd4 Bb7 18. Qe2 Re8 19. Rac1 Qa7 20. Kh2 Rac8 21. f4 Qb8
22. Nf3 Nc5 23. Nd2 Red8 24. b4 Ncd7 25. a3 Ne8 26. Rf1 Rc7 27. h4 Nef6 28. Bh3
h5 29. Rf2 e5 30. Rcf1 exf4 31. gxf4 Re8 32. Rg1 Qd8 33. Rg3 Ng4+ 34. Bxg4 hxg4
35. Qxg4 Nf6 36. Qg5 Nh7 37. Qxd8 Rxd8 38. Nd5 Bxd5 39. cxd5 f5 40. exf5 Rf7
41. Nf3 Rxf5 42. Nd4 Rxd5 43. Ne6 Rd7 44. f5 Re7 45. Kg2 a5 46. h5 axb4 47. h6
g5 48. fxg6 Rxe6 49. gxh7+ Kxh7 50. Rf7+ Kxh6 51. Bc1+ Kh5 52. Rxf8 1-0